Učíme se hodiny : [příprava na první třídu] /

Hlavní autor: Morgan, Nicole, 1959-
Další autoři: Haslam, John, 1949-
Jazyk: Čeština
Vydáno: V Praze : Egmont ČR, 2000
Vydání: 1. vyd.
Edice: Vím, jak na to
Témata:
Fyzický popis: 32 s., [60] samolepek na příl. : barev. il. ; 28 cm
Knihy
Uloženo v:
LEADER 01495nam a2200409 a 4500
001 000486694
003 CZ BrMZK
005 20110307104441.0
007 ta
008 010907s2000 xr a cze d
015 |a cnb000970732 
020 |a 80-7186-453-6 
035 |a (OCoLC)51187762 
040 |a BOA001  |b cze 
072 7 |a 373.2/.3  |x Předškolní a primární výchova a vzdělávání  |2 Konspekt  |9 22 
072 7 |a 0/9-053.2  |x Literatura pro děti a mládež (naučná)  |2 Konspekt  |9 26 
080 |a 006.92  |2 MRF 
080 |a 373.2  |2 MRF 
080 |a (076.1)  |2 MRF 
080 |a (0.053.2)  |2 MRF 
100 1 |a Morgan, Nicole,  |d 1959-  |7 jn20001005630  |4 aut 
245 1 0 |a Učíme se hodiny :  |b [příprava na první třídu] /  |c napsala Nicola Morganová ; ilustroval John Haslam 
246 1 4 |a Učím se hodiny 
250 |a 1. vyd. 
260 |a V Praze :  |b Egmont ČR,  |c 2000 
300 |a 32 s., [60] samolepek na příl. :  |b barev. il. ;  |c 28 cm 
490 1 |a Vím, jak na to 
500 |a Překlad z angličtiny. - Věk 3-5 let. 
650 0 7 |a určování času  |7 ph136868  |2 czenas 
650 0 7 |a předškolní výchova  |7 ph124887  |2 czenas 
655 7 |a pracovní sešity  |7 fd133116  |2 czenas 
655 7 |a publikace pro děti  |7 fd133156  |2 czenas 
700 1 |a Haslam, John,  |d 1949-  |7 jn20001005631  |4 ill 
830 0 |a Vím, jak na to  |0 s 
910 |a BOA001  |b 4-1074.733 
990 |a BK 
996 6 |b 2610117690  |c 4-1074.733  |l MZK  |r Sklad / do 1 hodiny  |n 1  |p p.v.  |w 000486694  |u 000010  |a 1  |e BOA001  |j MZK50  |s P